| 000 | 01460nam0a2200373 4500 | ||
|---|---|---|---|
| 001 | RU\NLR\BIBL_A\016314220 | ||
| 005 | 20250625035721.0 | ||
| 010 |
_a978-5-00156-292-4 _bНорма _9200 |
||
| 021 |
_aRU _b2023-7919 _9КН-П-762 |
||
| 035 | _a(RuMoRGB)011582011 | ||
| 035 | _a(NLR Aleph) 016314220 | ||
| 090 |
_a13012100 _c13012100 |
||
| 100 | _a20230317d2023 |||y0rusy50 ca | ||
| 101 | 0 | _arus | |
| 102 | _aRU | ||
| 105 | _ay|||z|||000zy | ||
| 181 | 0 |
_ai _baxxe |
|
| 182 | 0 | _an | |
| 200 | 1 |
_aПраво против хаоса _eмонография _fВ. Д. Зорькин |
|
| 203 |
_aТекст _bвизуальный _cнепосредственный |
||
| 205 | _a3-е изд., перераб. и доп. | ||
| 210 |
_aМосква _cНорма _d2023 |
||
| 215 |
_a535 с. _d22 |
||
| 300 | _aНа обороте тит. с. авт.: В. Д. Зорькин, д-р юрид. наук, проф., заслуж. юрист Рос. Федерации | ||
| 300 | _aНа обл.: 3-е изд. | ||
| 606 | 1 |
_aПраво _yРоссийская Федерация _92070216 _3RU\NLR\AUTH\661244932 |
|
| 606 | 1 |
_aПраво и общество _92361346 _3RU\NLR\AUTH\661410064 |
|
| 686 | 1 | _aХ62 | |
| 686 | 1 | _aХ062.001 | |
| 700 | 1 |
_aЗорькин _bВ. Д. _cд-р юрид. наук _f1943- _gВалерий Дмитриевич _9141408 _3RU\NLR\AUTH\770141444 |
|
| 942 | _cBOOK | ||
| 980 | _aNB | ||